Normal view
MARC view
- HUNT,L.GEORGE
Entry Personal Name
001 - CONTROL NUMBER
- control field: 133557
003 - CONTROL NUMBER IDENTIFIER
- control field: NUST
005 - DATE AND TIME OF LATEST TRANSACTION
- control field: 20260303115818.0
008 - FIXED-LENGTH DATA ELEMENTS
- fixed length control field: 260303|| aca||aabn | a|a d
040 ## - CATALOGING SOURCE
- Original cataloging agency: NUST
- Transcribing agency: NUST
100 ## - HEADING--PERSONAL NAME
- Personal name: HUNT,L.GEORGE
670 ## - SOURCE DATA FOUND
- Source citation: Work cat.: (NUST): HUNT,L.GEORGE., CALVINISM AND THE POLITICAL ORDER/, 1964.
